000 00944nam a22002417a 4500
005 20240530110507.0
008 151012s2009 ua g b 000 0 ara d
017 _a17614
_bمصر . دار الكتب المصرية
020 _a9773143454
040 _aEG-CaGPL
082 0 4 _221
_a370.9\
_bر ت
100 0 _aرمزى احمد عبدالحى
245 1 0 _aتطور الفكر التربوى عبر التاريخ :
_bدراسة فى الاصول التاريخية للتربية /
_cرمزى احمد عبدالحى
250 _aط1
260 _aالقاهرة :
_bمكتبة زهراء الشرق ،
_c2009 .
300 _a269 ص ؛
_c24 سم .
504 _aيشتمل على ارجاعات ببليوجرافية
650 0 4 _aالتعليم
_xاغراضة و اهدافة
650 0 4 _aالتعليم
_xبرامج
650 0 4 _aالتعليم
_xتاريخ
942 _2ddc
_cBK
999 _c61584
_d61584